000 01372cas a2200277 a 4500
005 20260415064226.0
006 s|||||o|||| 00| 0
008 991125c1982 sp fr p|o 000 0 spa d
022 _a0213-9529
035 _aUPN01000197304
040 _aMX-MxUPN
_bspa
_cMX-MxUPN
_eaacr2
049 _aREV-E
245 0 0 _aCampo abierto :
_brevista de educación
_h[recurso electrónico en línea]
260 _aEspaña :
_bUniversidad de Extremadura. Facultad de Educación,
_c1982-
310 _aSemestral
321 _aAnual
506 0 _aAcceso abierto
510 0 _aLatindex, Dialnet, Isoc, Rebiun
520 1 _a"Publicación que evalúa, selecciona y publica trabajos enmarcados en líneas de investigación consolidadas, principalmente sobre: metodologías de investigación y evaluación educativa; análisis de sistemas educativos y políticas públicas; evolución e historia de los sistemas educativos contemporáneos; reformas e innovaciones educativas; calidad y equidad en educación; didáctica; selección, formación y desarrollo profesional del profesorado; cooperación internacional para el desarrollo de la educación".
650 4 _aEvaluación educativa
_94298
650 4 _aEducación
_9682
856 4 0 _uhttps://redib.org/Record/oai_revista4715-campo-abierto
902 _aGloria Jiménez/190825
905 _aRevista
942 _cREV-E
999 _c169405
_d169405